| 000 | 00750cab a2200241 4500 | ||
|---|---|---|---|
| 001 | WB3204-48 | ||
| 008 | 090401t1996 xxu||||| |||| 00| 0 eng d | ||
| 035 | _a(Sirsi) u8641 | ||
| 041 | _aeng | ||
| 245 | _aResidual valuations in court | ||
| 260 | _c1996 | ||
| 350 | _a0 | ||
| 490 |
_aEstates Gazette _v(9603) 20 January 1996, 123(1) |
||
| 520 | _aLooks at "Nykredit Mortgage Bank v Edward Erdman Group" and how the court of appeal dealt with the intricacies of the residual method of valuation. | ||
| 650 | _aNEGLIGENCE | ||
| 650 | _aNYKREDIT MORTGAGE BANK V EDWARD ERDMAN GROUP | ||
| 650 | _aRESIDUAL METHOD | ||
| 650 | _aVALUATION METHODS | ||
| 650 | _aVALUERS | ||
| 690 | _aRATING AND VALUATION | ||
| 942 | _n0 | ||
| 948 | _c04/03/1997 | ||
| 999 |
_c5355 _d5355 |
||